Régions de France : Superficie - Statistiques

Statistiques générales
  • Ce quiz a été pris 31 fois
  • Le résultat moyen est 11 sur 18
Statistiques - réponses
Région Superficie (en km²) % Correct
Nouvelle-Aquitaine 84 036
94%
Auvergne-Rhône-Alpes 69 711
78%
Occitanie 72 724
78%
Bourgogne-Franche-Comté 47 784
72%
Grand Est 57 441
72%
Guyane 83 534
72%
Centre-Val-de-Loire 39 151
61%
Guadeloupe 1 628
61%
Île-de-France 12 012
61%
Normandie 29 907
61%
Bretagne 27 208
56%
La Réunion 2 504
56%
Martinique 1 128
56%
Mayotte 374
56%
Corse 8 680
50%
Hauts-de-France 31 806
50%
Provence-Alpes-Côte d'Azur 31 400
50%
Pays de la Loire 32 082
44%
Aucun quiz correspondant
Distribution des résultats
% des personnes avec chaque résultat
Percentile par nombre de réponses
Votre historique - résultats
Vous n’avez pas pris ce quiz